| 000 | 01110cab a2200181 4500 | ||
|---|---|---|---|
| 001 | L131039 | ||
| 008 | 050922n2005 000 0 eng u | ||
| 035 | _a(Sirsi) u131039 | ||
| 041 | 0 | _aeng | |
| 100 | 1 | _aCarpenter, Jamie | |
| 245 | _aDevelopment trusts' ups and downs | ||
| 260 | _c2005 | ||
| 490 |
_aRegeneration and Renewal _v16 September 2005,20-25(5) |
||
| 520 | _aAnalyses the results of "Development trusts in 2005", the latest annual survey of the Development Trusts Association's membership. Development trusts are independent community-owned and managed enterprises that make profits through assets, property or trading and reinvest them for social benefit. Reports that the sector has growing incomes and assets but still faces a range of challenges including the threat of static or shrinking grant income. Presents brief case studies. Tables cover 15 trusts with big total incomes, 15 of the biggest asset holders, five trusts with big earned income growth and five trusts with big asset growth. | ||
| 590 | _aIKA270905 | ||
| 690 | _aPROPERTY-PROPERTY MANAGEMENT-REGENERATION | ||
| 942 | _n0 | ||
| 999 |
_c75912 _d75912 |
||